| 000 | 00814nam a2200241 a 4500 | ||
|---|---|---|---|
| 001 | 000024457 | ||
| 005 | 20200930023202.0 | ||
| 008 | 110127s1977 sp ac r 000 0 spa d | ||
| 020 | _a8432503495 | ||
| 040 |
_aDO-SdBNP _bspa _cBNPHU |
||
| 082 |
_a946.074 _bF811y, 1977 |
||
| 100 | 1 |
_aFragoso del Toro, Víctor _950127 |
|
| 245 | 1 | 0 |
_a... Y llego la República (julio 1909-1931) / _cVíctor Fragoso del Toro. |
| 250 | _a4a ed. corr y aum. | ||
| 260 |
_aMadrid, (España) : _bEditorial Doncel, _c1977. |
||
| 300 |
_a219, [12] p. : _bil., retrs. ; _c18 cm. |
||
| 490 | 1 |
_aEl libro de bolsillo Doncel _v129 |
|
| 490 | 1 | _aLa España de ayer | |
| 651 | 4 |
_aEspaña _xHistoria _98844 |
|
| 651 | 4 |
_aEspaña _xColónias _950135 |
|
| 830 | 0 |
_aEl libro de bolsillo Doncel ; _pLa España de ayer _v129 _950128 |
|
| 049 | _aBNGR | ||
| 999 |
_c23950 _d23950 |
||